名家鉴赏唐诗大观 (Record no. 21269)

000 -LEADER
fixed length control field 00447nam a22001817a 4500
003 - CONTROL NUMBER IDENTIFIER
control field MPLRDC
005 - DATE AND TIME OF LATEST TRANSACTION
control field 20220104124658.0
008 - FIXED-LENGTH DATA ELEMENTS--GENERAL INFORMATION
fixed length control field 210129b ||||| |||| 00| 0 eng d
020 ## - INTERNATIONAL STANDARD BOOK NUMBER
International Standard Book Number 962-07-4039-4
082 ## - DEWEY DECIMAL CLASSIFICATION NUMBER
Classification number 831.4 XDF
100 ## - MAIN ENTRY--PERSONAL NAME
Personal name 萧涤非等撰写
245 ## - TITLE STATEMENT
Title 名家鉴赏唐诗大观
Statement of responsibility, etc.
250 ## - EDITION STATEMENT
Edition statement 一版二刷
260 ## - PUBLICATION, DISTRIBUTION, ETC.
Place of publication, distribution, etc. 香港
Name of publisher, distributor, etc. 商务印书馆
Date of publication, distribution, etc. 1986
300 ## - PHYSICAL DESCRIPTION
Other physical details 1536
650 ## - SUBJECT ADDED ENTRY--TOPICAL TERM
Topical term or geographic name entry element 唐诗总集
942 ## - ADDED ENTRY ELEMENTS (KOHA)
Koha item type Book
-- 831.4 XDF
Holdings
Withdrawn status Lost status Source of classification or shelving scheme Damaged status Not for loan Collection code Home library Current library Shelving location Date acquired Cost, normal purchase price Total Checkouts Full call number Barcode Date last seen Date last checked out Price effective from Koha item type Public note
            Malaysian Public Library, Research and Development Centre Malaysian Public Library, Research and Development Centre   10/12/2007 95.00   831.4 XDF 00021339 17/03/2021 10/12/2007 17/03/2021 Book mplrdc

© 2022. Malaysian Public Library, Research and Development Centre. All Right ReservedE-mailmplrdc@help.edu.my 

Powered by Koha